| 000 | 00336nam a22001337a 4500 | ||
|---|---|---|---|
| 020 | _a9789693529197 | ||
| 040 | _cNUST | ||
| 082 | _a297.4 AHM | ||
| 100 |
_a Ahmad Rafiq Akhtar, Prof _988615 |
||
| 245 | _aIk Nigah E Ihtesab | ||
| 260 |
_aLAHORE: _bSang E Meel Publications, _c2016. |
||
| 650 |
_aISLAM-SUFISM _989449 |
||
| 942 |
_2ddc _cBK |
||
| 999 |
_c587702 _d587702 |
||